| 000 | 00509pam a2200181 a 4500 | ||
|---|---|---|---|
| 020 | _a0801624509 | ||
| 040 | _cDLC | ||
| 082 | 0 | 0 | _a591 TIM 1988 A023 Or. |
| 100 | 1 | _aHickman, Cleveland P., | |
| 245 | 1 | 0 | _aIntegrated principles of zoology / |
| 250 | _a8th ed. | ||
| 260 |
_aSt. Louis : _bTimes Mirror/Mosby College Pub., _c1988. |
||
| 300 |
_axxiii, 939, [85] p. : _bill. (some col.) ; _c29 cm. |
||
| 650 | 0 | _aZoology. | |
| 700 | 1 | _aRoberts, Larry S., | |
| 700 | 1 | _aHickman, Frances Miller. | |
| 942 | _cEK | ||
| 999 |
_c16163 _d16163 |
||